01580nam a2200313 a 4500003001000000005001700010008003500027040002500062082003000087245010700117260005400224300001900278490009600297500006300393500005800456500009200514501006300606501011400669501006400783501006200847501004000909501003500949501001900984501003401003650005001037650007201087700005201159710005501211 DO-SdBPM20241107092439.0181213s1977 dr 000 spa d aDO-SdBPMbspacBPMSU a346.0432 bM425p 197722200aMateria procedimiento civil y de tierra : b1975-1976 / ccompilador L. Almanzor González Canahuate  aSanto Domingo :bSuprema Corte de Justicia,c1977 av. :c 23 cm.  0a Recopilación jurisprudencial integrada de las decisiones de la Suprema Corte de Justicia aTreinta y uno (31) años (enero- 1970, diciembre-2000) .- aMateria : procedimiento civil, comercial y laboral .- aAvance jurisprudencial : (prescripción, procedimiento, prueba, reapertura de debates. a93.P. prescripción : No. 1. Prescripción adquisitiva. aNo. 2 Prescripción. prescripción de la acción en responsabilidad civil fundada en un hecho delictual... aNo. 3. Prescripción. interrupción de la prescripción. aNo.4 Prescripción. Interrupción de la prescripción. aNo. 5. Prescripción sin título. a94. P. procedimiento- proceso. a95. P. prueba. a96. R. reapertura de debates. 4aDerecho de propiedad zRepública Dominicana 4a Legislación en tenencia de la tierra República Dominicana z 1 aGonzález Canahuate, L. Almanzor ecompilador 2 aSuprema Corte de Justicia (República Dominicana)